000 00683nam a2200193Ii 4500
003 JO-AjNU
008 230605s9999||||xx |||||||||||||| ||und||
040 _aJO-AjNU
_bara
_erda
_cJO-AjNU
041 _aara
050 1 4 _aHB853.J6.T36.2011
100 3 _aالمجلس الاعلى للسكان ,
_eauthor
_946158
245 0 0 _aالمجلس الأعلى للسكان: تقرير حالة سكان الأردن 2010
264 3 1 _aعمان: المجلس الأعلى للسكان، 2011
300 _a516ص
336 _atext
_btxt
_2rdacontent
337 _aunmediated
_bn
_2rdamedia
338 _avolume
_bnc
_2rdacarrier
650 4 _aالاردن -- سكان -- تقارير
_946159
999 _aA20060
_c23628
_d23628